00811nam a2200193 i 450000100060000000300090000600500170001500700030003200800410003510000390007624501270011526000450024230000220028750000870030965000620039685200210045899900170047995201210049654307ES-MaACL20250716081417.0t|031205q1914 fr ||||1| fre d1 aFlorian-Parmentier, Ernest.95133013aLa littérature et l'époque b: histoire de la littérature française de 1885 áa nos jours / cFlorian-Parmentier. aParis : bEugène Figuière, c[1914?] a682 p. ; c19 cm. aEn la cubierta: Histoire contemporaine des lettres françaises de 1885 áa 1914. 4aLiteratura francesa-yS.XIX-xHistoria y crítica914589 aES-MaACLjF-6767 c54307d54307 00104070aATENEOMbATENEOMcDEPO2d2008-01-17eSCl0oF-6767p1057070r2023-02-23 00:00:00w2023-02-23yMONOGRAFIA